Statistics for Chilean Expressions

Click here to take the quiz!

General Stats

  • This quiz has been taken 10 times
  • The average score is 17 of 25

Answer Stats

"Chilenismo"Meaning% Correct
GuaguaBaby
88%
FomeBoring
88%
Pololo/PololaBoyfriend/Girlfriend
88%
Cabro/CabraChild/Teen/Young
88%
Curao/Cura'aDrunk
88%
Weón/WeonaPerson/Friend/Fool
88%
WeáThing
88%
Aweonao/Aweona'aVery Foolish
88%
Guatón/GuatonaFat
75%
Ganarse
(Used more frequently in the South of Chile)
Locate
75%
CarreteParty
75%
GuarénRat
75%
CacharUnderstand
75%
ChasquillaFringe
63%
AltiroImmediately
63%
CueaLuck
63%
Gallo/GallaMen/Woman
63%
LauchaMouse
63%
ChalaSandal
63%
AntárticaAntarctica
50%
CahuínGossip
50%
CuncunaCaterpillar
38%
QuiltroStreet Dog
38%
PajaLaziness
25%
Habiloso/Habilosa
(Used more frequently in the North of Chile)
Talented
25%

Score Distribution

Percentile by Number Answered

Percent of People with Each Score

Your Score History

You have not taken this quiz